000
00293nam a2200121Ia 4500
008
190216s9999||||xx |||||||||||||| ||und||
100
_a
Kapur J N And Saxena H C
245
0
_a
Mathematical Statistics`
260
_b
S Chand & Co
_c
1989
300
_a
659p
650
_a
Mathematics
942
_c
BK
999
_c
30832
_d
30832